00274nam a2200097Ia 4500008004100000082000800041100001400049245009200063942000600155999001500161240331s9999 xx 000 0 und d bPER aPerera, S 0aPolitical violence in Sri Lanka :bdynamics, consequences and issues of democratization cL c2322d2322